| 000 | 00926nam a2200241Ia 4500 | ||
|---|---|---|---|
| 003 | Ost | ||
| 005 | 20260507074902.0 | ||
| 008 | 260507s9999||||xx |||||||||||||| ||und|| | ||
| 020 | _a9774280237 | ||
| 040 | _cfsecg | ||
| 041 | _aara | ||
| 082 | _a332.1 | ||
| 100 |
_aالصيرفي، محمد _eمؤلف |
||
| 245 | 0 |
_a إدارة المصارف / _c محمد الصيرفي |
|
| 260 |
_aالإسكندرية: _bدار الوفاء لدينا للطباعة والنشر, _c2007 |
||
| 300 |
_a348 صفحة؛ _bإيضاحات ؛ _c24 سم |
||
| 504 | _aالمراجع ص.343 | ||
| 520 | _aيضم ماهية البنك ووظائفه وأهدافه، التخطيط لأنشطة البنوك، تنظيم البنوك التجارية، الرقابة على أنشطة البنوك | ||
| 653 | _aالإدارة العامة | ||
| 653 | _aالإدارة المالية | ||
| 653 | _aالبنوك | ||
| 942 | _cكتاب | ||
| 999 |
_c41662 _d41662 |
||